[Event "ChessKid Play In m"]
[Site "Chess.com INT"]
[Date "2023.05.01"]
[Round "1.1"]
[White "Bluebaum, Matthias"]
[Black "Preotu, Razvan"]
[Result "1-0"]
[WhiteElo "2660"]
[BlackElo "2483"]
[WhiteFideId "-1"]
[WhiteFideId "-1"]
[PlyCount "91"]
[GameId "1910457362915328"]
[EventDate "2023.05.01"]
[EventType "k.o. (blitz)"]
[EventRounds "1"]
[EventCountry "USA"]
[SourceTitle "CBM 214 Extra"]
[Source "ChessBase"]
[SourceDate "2023.07.31"]
[SourceVersion "1"]
[SourceVersionDate "2023.07.31"]
[SourceQuality "1"]

1. Nf3 c5 2. e3 Nf6 3. d4 d5 4. dxc5 e6 5. b4 a5 6. c3 axb4 7. cxb4 b6 8. Bb5+ Bd7 9. Bxd7+ Nbxd7 10. a4 bxc5 11. b5 g5 12. Bb2 Bd6 13. Qe2 g4 14. Nfd2 Qb8 15. e4 Be5 16. Nc3 O-O 17. g3 c4 18. exd5 exd5 19. O-O d4 20. Nce4 c3 21. Nxf6+ Nxf6 22. Ba3 Re8 23. Ne4 Nxe4 24. Qxe4 Bg7 25. Qxg4 d3 26. Bc5 Qc8 27. Qb4 c2 28. Rac1 Bf8 29. Bxf8 Rxf8 30. Rfe1 Rd8 31. Re5 h6 32. Qd2 Qc7 33. Rh5 Qd6 34. Rxh6 Qe5 35. Rh4 Rac8 36. Rg4+ Kf8 37. b6 Ke7 38. b7 Rc5 39. Kg2 Qd5+ 40. f3 Qxb7 41. Qe3+ Kd7 42. Qxc5 d2 43. Rd4+ Ke8 44. Rxd8+ Kxd8 45. Qg5+ Ke8 46. Qxd2 1-0

[Event "ChessKid Play In m"]
[Site "Chess.com INT"]
[Date "2023.05.01"]
[Round "1.2"]
[White "Preotu, Razvan"]
[Black "Bluebaum, Matthias"]
[Result "0-1"]
[WhiteElo "2483"]
[BlackElo "2660"]
[WhiteFideId "-1"]
[WhiteFideId "-1"]
[PlyCount "54"]
[GameId "1910457363062784"]
[EventDate "2023.05.01"]
[EventType "k.o. (blitz)"]
[EventRounds "1"]
[EventCountry "USA"]
[SourceTitle "CBM 214 Extra"]
[Source "ChessBase"]
[SourceDate "2023.07.31"]
[SourceVersion "1"]
[SourceVersionDate "2023.07.31"]
[SourceQuality "1"]

1. e4 c6 2. d4 d5 3. e5 Bf5 4. Nf3 e6 5. Be2 Ne7 6. c3 Ng6 7. O-O f6 8. Re1 fxe5 9. dxe5 Nd7 10. Nd4 Ndxe5 11. Nxf5 exf5 12. f4 Nf7 13. Bd3+ Be7 14. Bxf5 O-O 15. Qd3 Bc5+ 16. Kh1 Qf6 17. Na3 Nfe5 18. Rxe5 Nxe5 19. Bxh7+ Kh8 20. Qh3 Qh6 21. Qxh6 gxh6 22. Bc2 Ng4 23. h3 Nf2+ 24. Kh2 Rae8 25. Rb1 Re2 26. b4 Bd6 27. Kg3 Ne4+ 0-1

[Event "Titled Tuesday 2023.04.25 Late"]
[Site "Chess.com INT"]
[Date "2023.04.25"]
[Round "8"]
[White "Marin Posada, Sebastian"]
[Black "Preotu, Razvan"]
[Result "0-1"]
[WhiteElo "2269"]
[BlackElo "2483"]
[WhiteFideId "-1"]
[WhiteFideId "-1"]
[PlyCount "56"]
[GameId "1907910686179328"]
[EventDate "2023.04.25"]
[EventType "swiss (blitz)"]
[EventRounds "11"]
[EventCountry "NET"]
[SourceTitle "EXT 2024"]
[Source "ChessBase"]
[SourceDate "2023.10.10"]
[SourceVersion "1"]
[SourceVersionDate "2023.10.10"]
[SourceQuality "1"]

1. e4 c5 2. Nf3 d6 3. d4 cxd4 4. Nxd4 Nf6 5. Nc3 a6 6. Be2 e5 7. Nb3 Be7 8. Bg5 Be6 9. Qd3 Nbd7 10. O-O-O O-O 11. Kb1 b5 12. Qg3 Kh8 13. Bf3 Rc8 14. h4 Rxc3 15. bxc3 Nb6 16. h5 h6 17. Bc1 Na4 18. Rd3 Qc7 19. Bd2 a5 20. Rc1 Rb8 21. Qh2 b4 22. cxb4 axb4 23. g4 Nc3+ 24. Bxc3 bxc3 25. g5 hxg5 26. h6 g6 27. Qh1 Qa7 28. Qe1 Ra8 0-1

[Event "Titled Tuesday 2023.04.25 Late"]
[Site "Chess.com INT"]
[Date "2023.04.25"]
[Round "9"]
[White "Erzhanov, Arman"]
[Black "Preotu, Razvan"]
[Result "1-0"]
[WhiteElo "2228"]
[BlackElo "2483"]
[WhiteFideId "-1"]
[WhiteFideId "-1"]
[PlyCount "103"]
[GameId "1907910686679040"]
[EventDate "2023.04.25"]
[EventType "swiss (blitz)"]
[EventRounds "11"]
[EventCountry "NET"]
[SourceTitle "EXT 2024"]
[Source "ChessBase"]
[SourceDate "2023.10.10"]
[SourceVersion "1"]
[SourceVersionDate "2023.10.10"]
[SourceQuality "1"]

1. e4 c5 2. Nf3 d6 3. Bb5+ Nd7 4. c3 Ngf6 5. Qe2 a6 6. Ba4 b5 7. Bc2 Bb7 8. O-O e6 9. d4 Qc7 10. Re1 Be7 11. Nbd2 cxd4 12. Nxd4 O-O 13. N2f3 Nc5 14. Nd2 Rfe8 15. f3 g6 16. Nf1 e5 17. Nb3 d5 18. exd5 Nxd5 19. Ng3 Bf8 20. Ne4 Nxe4 21. Bxe4 f5 22. Bc2 Rac8 23. a3 e4 24. fxe4 fxe4 25. Be3 Bd6 26. g3 Nxe3 27. Qxe3 Bd5 28. Nd4 Bc5 29. Rad1 Bb7 30. Qh6 Qg7 31. Bb3+ Kh8 32. Qxg7+ Kxg7 33. Kf1 Rf8+ 34. Ke2 Bxd4 35. Rxd4 e3 36. Rd7+ Kh6 37. Rxb7 Rf2+ 38. Kxe3 Rxb2 39. Be6 Rxc3+ 40. Kd4 Rxa3 41. Bg8 Rd2+ 42. Kc5 Rc3+ 43. Kb6 Rd6+ 44. Ka7 Kg5 45. Re4 h5 46. Be6 Kf6 47. Rf7+ Kg5 48. h4+ Kh6 49. Rb7 Rd8 50. Bf7 Rc6 51. Ree7 b4 52. Bd5 1-0

[Event "Titled Tuesday 2023.04.25 Late"]
[Site "chess.com INT"]
[Date "2023.04.25"]
[Round "1"]
[White "Preotu, Razvan"]
[Black "Wafa, Hamed"]
[Result "1-0"]
[WhiteElo "2483"]
[BlackElo "2042"]
[WhiteFideId "-1"]
[WhiteFideId "-1"]
[PlyCount "135"]
[GameId "2130307560910575"]
[EventDate "2023.04.25"]
[EventType "swiss (blitz)"]
[EventRounds "11"]
[EventCountry "NET"]
[SourceTitle "The Week in Chess 1486"]
[Source "Mark Crowther"]
[SourceDate "2023.05.01"]
[SourceVersion "1"]
[SourceVersionDate "2023.05.01"]
[SourceQuality "2"]

1. e4 e5 2. Nf3 Nc6 3. Bc4 Bc5 4. c3 Nf6 5. d3 O-O 6. O-O d6 7. Re1 a6 8. a4 Ba7 9. h3 Re8 10. b4 h6 11. Nbd2 Be6 12. Bxe6 Rxe6 13. Qc2 Ne7 14. Nf1 Ng6 15. Ng3 Qd7 16. c4 Nf4 17. d4 N6h5 18. Nxh5 Nxh5 19. dxe5 dxe5 20. c5 Rae8 21. Be3 Rg6 22. Kh2 Nf4 23. Bxf4 exf4 24. e5 c6 25. Rad1 Qe7 26. Qf5 Re6 27. a5 Bb8 28. Qxf4 Kf8 29. Qf5 g6 30. Qf4 Kg7 31. g3 Bc7 32. Kg2 Rd8 33. h4 Rxd1 34. Rxd1 Bxe5 35. Nxe5 Rxe5 36. Rd6 Rf5 37. Qd2 Qe4+ 38. Kh2 Qf3 39. Qd4+ Kh7 40. Rd7 Qxf2+ 41. Qxf2 Rxf2+ 42. Kh3 g5 43. hxg5 hxg5 44. Rxb7 Kg6 45. g4 Rf3+ 46. Kg2 Rf4 47. Kg3 Rc4 48. Rb6 Rc3+ 49. Kf2 f6 50. Rxc6 Rc4 51. Rb6 Rxg4 52. c6 Rc4 53. b5 axb5 54. a6 Rc2+ 55. Ke3 Rc3+ 56. Kd2 Rc4 57. a7 Rd4+ 58. Ke3 Ra4 59. c7 Ra3+ 60. Kd2 Ra2+ 61. Kc1 Rxa7 62. c8=Q Ra4 63. Qe8+ Kf5 64. Qe6+ Kf4 65. Qxf6+ Kg3 66. Qxg5+ Rg4 67. Qe5+ Rf4 68. Rf6 1-0

[Event "Titled Tuesday 2023.04.25 Late"]
[Site "chess.com INT"]
[Date "2023.04.25"]
[Round "4"]
[White "Preotu, Razvan"]
[Black "Baziuk, Vladyslav"]
[Result "0-1"]
[WhiteElo "2483"]
[BlackElo "2201"]
[WhiteFideId "-1"]
[WhiteFideId "-1"]
[PlyCount "128"]
[GameId "2130307560914798"]
[EventDate "2023.04.25"]
[EventType "swiss (blitz)"]
[EventRounds "11"]
[EventCountry "NET"]
[SourceTitle "The Week in Chess 1486"]
[Source "Mark Crowther"]
[SourceDate "2023.05.01"]
[SourceVersion "1"]
[SourceVersionDate "2023.05.01"]
[SourceQuality "2"]

1. e4 c6 2. Nc3 d5 3. Nf3 dxe4 4. Nxe4 Nf6 5. Qe2 Nxe4 6. Qxe4 Nd7 7. d4 Nf6 8. Qf4 e6 9. Bd3 Bd6 10. Qh4 c5 11. dxc5 Bxc5 12. O-O Be7 13. Bg5 Nd5 14. Bxe7 Qxe7 15. Qg3 O-O 16. Rad1 Qf6 17. Ne5 Rd8 18. Be4 b5 19. b3 b4 20. Nc6 Rd7 21. Bxd5 exd5 22. Nxb4 Bb7 23. Nd3 d4 24. Nc5 Re7 25. Nxb7 Rxb7 26. Rd2 h6 27. Rfd1 Rc8 28. Rxd4 Rxc2 29. Rd8+ Kh7 30. Qd3+ Qg6 31. Qxg6+ Kxg6 32. R8d6+ f6 33. Ra6 Rbc7 34. h3 Rb2 35. Rd3 Kg5 36. Rg3+ Kf4 37. Rxg7 Rxg7 38. Rxf6+ Kg5 39. Ra6 Rd7 40. Ra5+ Kg6 41. Ra4 Kh7 42. h4 Rdd2 43. Rf4 Rxa2 44. g3 Rdb2 45. b4 Ra4 46. h5 Rbxb4 47. Rf7+ Kg8 48. Rf6 Kg7 49. Rc6 Rb7 50. Kg2 a5 51. Rg6+ Kh7 52. Ra6 Ra2 53. g4 Rbb2 54. Kg3 Rxf2 55. Ra7+ Kg8 56. Ra8+ Kg7 57. Ra7+ Rf7 58. Ra6 Ra3+ 59. Kh4 Rff3 60. Ra7+ Kf8 61. Ra8+ Ke7 62. Ra7+ Kd8 63. Ra8+ Kc7 64. g5 Ra4# 0-1

[Event "CAN-ch"]
[Site "Toronto CAN"]
[Date "2023.04.06"]
[Round "1.1"]
[White "Barron, Michael"]
[Black "Preotu, Razvan"]
[Result "0-1"]
[WhiteElo "2244"]
[BlackElo "2548"]
[WhiteFideId "-1"]
[WhiteFideId "-1"]
[PlyCount "78"]
[GameId "2160767907233054"]
[EventDate "2023.04.06"]
[EventType "swiss"]
[EventRounds "9"]
[EventCountry "CAN"]

1. e4 c5 2. Nf3 d6 3. d4 cxd4 4. Nxd4 Nf6 5. f3 e5 6. Nb3 Be7 7. c4 O-O 8. Nc3 a5 9. Be3 Nc6 10. a4 Nd7 11. Qd2 b6 12. Nd5 Nc5 13. Ra3 Nb4 14. Be2 Nxd5 15. cxd5 Bh4+ 16. g3 Be7 17. O-O f5 18. Nxc5 bxc5 19. Bd3 Qe8 20. f4 fxe4 21. Bxe4 Bh3 22. Bg2 Bxg2 23. Kxg2 Bf6 24. f5 Rb8 25. Qxa5 Rxb2+ 26. Rf2 Rxf2+ 27. Bxf2 Qh5 28. Qb6 Qxf5 29. Qxd6 Qxf2+ 30. Kxf2 Be7+ 31. Ke2 Bxd6 32. a5 Ra8 33. a6 Kf7 34. Ra4 Ke7 35. Kd3 Kd7 36. a7 Kc7 37. Ra6 Bf8 38. Kc4 Kb7 39. Kb5 Rxa7 0-1

[Event "CAN-ch"]
[Site "Toronto CAN"]
[Date "2023.04.07"]
[Round "2.1"]
[White "Preotu, Razvan"]
[Black "Plotkin, Victor"]
[Result "1-0"]
[WhiteElo "2548"]
[BlackElo "2386"]
[WhiteFideId "-1"]
[WhiteFideId "-1"]
[PlyCount "83"]
[GameId "2160767907233066"]
[EventDate "2023.04.06"]
[EventType "swiss"]
[EventRounds "9"]
[EventCountry "CAN"]

1. e4 e5 2. Nf3 Nf6 3. d4 Nxe4 4. Bd3 Nc6 5. Nxe5 Nxe5 6. dxe5 Nc5 7. Bc4 Be7 8. Qg4 d5 9. Qxg7 Rf8 10. Be2 Bf5 11. c3 Qd7 12. Nd2 O-O-O 13. Nb3 Ne6 14. Qh6 Rg8 15. Qh5 Bg6 16. Qh3 d4 17. O-O d3 18. Bf3 h5 19. Be3 b6 20. a4 Ng5 21. Qxd7+ Kxd7 22. Bxg5 Bxg5 23. Nd4 c5 24. Nc6 Rde8 25. a5 d2 26. Nxa7 Rxe5 27. Bc6+ Kc7 28. f4 Bxf4 29. Rxf4 Re1+ 30. Rf1 Rxa1 31. Rxa1 Bc2 32. Bf3 bxa5 33. Nb5+ Kb6 34. Nd6 Bb3 35. Nf5 Rd8 36. Ne3 h4 37. Kf2 Re8 38. Bd1 Be6 39. Bc2 Rd8 40. Rd1 h3 41. gxh3 Bxh3 42. Nc4+ 1-0

[Event "CAN-ch"]
[Site "Toronto CAN"]
[Date "2023.04.07"]
[Round "3.1"]
[White "Rodrigue-Lemieux, Shawn"]
[Black "Preotu, Razvan"]
[Result "1/2-1/2"]
[WhiteElo "2539"]
[BlackElo "2548"]
[WhiteFideId "-1"]
[WhiteFideId "-1"]
[PlyCount "108"]
[GameId "2160767907233079"]
[EventDate "2023.04.06"]
[EventType "swiss"]
[EventRounds "9"]
[EventCountry "CAN"]

1. e4 c5 2. Nf3 d6 3. Bb5+ Bd7 4. Bxd7+ Nxd7 5. c4 Ne5 6. d4 Nxf3+ 7. gxf3 cxd4 8. Qxd4 Nf6 9. Bg5 Qa5+ 10. Qd2 Qxd2+ 11. Bxd2 Rc8 12. b3 g6 13. Nc3 Bg7 14. Rc1 Nd7 15. Ke2 Bxc3 16. Bxc3 f6 17. f4 Rc5 18. Bd4 Rh5 19. b4 Kf7 20. f3 Rc8 21. Bf2 Rc6 22. a3 Rh3 23. Rc3 b6 24. Bg3 f5 25. Kf2 fxe4 26. fxe4 Nf6 27. Re1 d5 28. exd5 Nxd5 29. Rcc1 Nf6 30. Kf3 Rh5 31. Re5 Rxe5 32. fxe5 Nd7 33. Ke4 Ke6 34. h4 Rc8 35. Bf4 a5 36. Kd4 axb4 37. axb4 Rf8 38. Ke4 Ra8 39. h5 gxh5 40. Rh1 Rc8 41. c5 bxc5 42. Rxh5 Nf8 43. Rh6+ Ng6 44. bxc5 Rxc5 45. Bg3 Rc4+ 46. Kf3 Rc3+ 47. Kg4 Kd5 48. Rxh7 e6 49. Rh1 Nxe5+ 50. Bxe5 Kxe5 51. Re1+ Kd5 52. Kf4 Rd3 53. Re5+ Kd6 54. Ra5 Rd4+ 1/2-1/2

[Event "CAN-ch"]
[Site "Toronto CAN"]
[Date "2023.04.08"]
[Round "4.1"]
[White "Preotu, Razvan"]
[Black "Sambuev, Bator"]
[Result "0-1"]
[WhiteElo "2548"]
[BlackElo "2514"]
[WhiteFideId "-1"]
[WhiteFideId "-1"]
[PlyCount "110"]
[GameId "2160767907241284"]
[EventDate "2023.04.06"]
[EventType "swiss"]
[EventRounds "9"]
[EventCountry "CAN"]

1. e4 e5 2. Nf3 Nc6 3. Bc4 Nf6 4. d3 h6 5. c3 d6 6. a4 g6 7. a5 a6 8. O-O Bg7 9. Re1 O-O 10. Nbd2 b5 11. Bb3 d5 12. h3 Be6 13. d4 exd4 14. Nxd4 Nxd4 15. cxd4 Rc8 16. e5 Nd7 17. Nf3 c5 18. Bf4 g5 19. Bg3 c4 20. Bc2 b4 21. h4 b3 22. Bb1 Rc6 23. hxg5 hxg5 24. Qd2 f6 25. Bg6 g4 26. Nh4 fxe5 27. dxe5 Qe7 28. Bh5 Rf7 29. Ng6 Qc5 30. Nf4 Bh6 31. Bxf7+ Kxf7 32. Rad1 Nf8 33. Qc3 Bxf4 34. Bxf4 Ng6 35. Bg5 Ke8 36. Rd2 Rc7 37. Red1 Rh7 38. Be3 Qc6 39. Qd4 Rb7 40. f3 gxf3 41. Rf1 Ne7 42. Qh4 c3 43. bxc3 Qxc3 44. Qd4 Qxa5 45. Qb2 fxg2 46. Rf6 Kd7 47. Rh6 Qb4 48. Bd4 Nf5 49. Rh7+ Kc6 50. Rxb7 Kxb7 51. Bf2 a5 52. Rd3 a4 53. Rh3 d4 54. Rh7+ Ka6 55. Qe2+ Qc4 0-1

[Event "CAN-ch"]
[Site "Toronto CAN"]
[Date "2023.04.08"]
[Round "5.3"]
[White "Clyde, Jordan"]
[Black "Preotu, Razvan"]
[Result "0-1"]
[WhiteElo "2247"]
[BlackElo "2548"]
[WhiteFideId "-1"]
[WhiteFideId "-1"]
[PlyCount "129"]
[GameId "2160767907241299"]
[EventDate "2023.04.06"]
[EventType "swiss"]
[EventRounds "9"]
[EventCountry "CAN"]

1. e4 c5 2. Nc3 d6 3. Bb5+ Bd7 4. Bxd7+ Qxd7 5. f4 Nc6 6. Nf3 g6 7. O-O Bg7 8. Kh1 f5 9. d3 Nf6 10. Nd5 Nxd5 11. exd5 Nd4 12. Ng5 h6 13. Nh3 Nb5 14. c3 Nc7 15. Qf3 O-O 16. Nf2 e6 17. dxe6 Qc6 18. e7 Rfe8 19. Qg3 Kf7 20. Re1 Bf6 21. Bd2 Bxe7 22. c4 Bf6 23. Bc3 Bxc3 24. bxc3 Rxe1+ 25. Rxe1 Re8 26. Rf1 Re2 27. Qh4 Kg7 28. Kg1 Qe8 29. a3 b6 30. Nd1 d5 31. cxd5 Nxd5 32. Rf2 Re6 33. h3 Qa4 34. Rf1 g5 35. Qg3 Nxf4 36. Qf3 Qd7 37. Nf2 Qd5 38. Qxd5 Nxd5 39. Nd1 Nf4 40. Nb2 Kg6 41. d4 cxd4 42. cxd4 Ne2+ 43. Kf2 Nxd4 44. Rd1 Re2+ 45. Kf1 Rxb2 46. Rxd4 f4 47. h4 Kh5 48. hxg5 hxg5 49. Kg1 Kg4 50. a4 a5 51. Rd6 Rb4 52. Rc6 f3 53. gxf3+ Kxf3 54. Rc3+ Ke4 55. Ra3 Rb2 56. Rc3 g4 57. Rc4+ Kf3 58. Rc3+ Kf4 59. Rc4+ Kg3 60. Rc3+ Kh4 61. Ra3 g3 62. Ra1 Kh3 63. Kh1 b5 64. axb5 a4 65. Ra2 0-1

[Event "CAN-ch"]
[Site "Toronto CAN"]
[Date "2023.04.09"]
[Round "6.2"]
[White "Preotu, Razvan"]
[Black "Rusonik, Max"]
[Result "1-0"]
[WhiteElo "2548"]
[BlackElo "2394"]
[WhiteFideId "-1"]
[WhiteFideId "-1"]
[PlyCount "95"]
[GameId "2160767907241311"]
[EventDate "2023.04.06"]
[EventType "swiss"]
[EventRounds "9"]
[EventCountry "CAN"]

1. e4 e5 2. Nf3 Nc6 3. Bc4 Bc5 4. c3 Nf6 5. d3 d6 6. O-O a6 7. a4 Ba7 8. Re1 Ng4 9. Re2 Qf6 10. b4 Qg6 11. h3 Nh6 12. Kh2 O-O 13. Nbd2 Kh8 14. b5 Na5 15. Ba2 f5 16. d4 Qh5 17. Kg1 f4 18. Ba3 Rf6 19. Qf1 Rg6 20. Kh1 Bg4 21. Ree1 Bb6 22. Rab1 axb5 23. axb5 Nc4 24. Bxc4 Rxa3 25. Ra1 Ra5 26. Be2 Nf7 27. Nc4 Rxa1 28. Rxa1 h6 29. Nxb6 cxb6 30. Ra8+ Kh7 31. Rf8 d5 32. Rxf7 dxe4 33. Ng1 f3 34. gxf3 Bf5 35. Re7 exf3 36. Bxf3 Rxg1+ 37. Kxg1 Qg5+ 38. Bg4 Bxg4 39. Rxe5 Bf5+ 40. Qg2 Qc1+ 41. Kh2 Bg6 42. Qg3 Qb1 43. Re7 Qxb5 44. Qe5 Qxe5+ 45. Rxe5 Bd3 46. d5 Kg6 47. d6 Bf5 48. Rxf5 1-0

[Event "CAN-ch"]
[Site "Toronto CAN"]
[Date "2023.04.10"]
[Round "7.14"]
[White "Preotu, Razvan"]
[Black "Noritsyn, Nikolay"]
[Result "0-1"]
[WhiteElo "2548"]
[BlackElo "2546"]
[WhiteFideId "-1"]
[WhiteFideId "-1"]
[PlyCount "96"]
[GameId "2160767907241324"]
[EventDate "2023.04.06"]
[EventType "swiss"]
[EventRounds "9"]
[EventCountry "CAN"]

1. e4 c5 2. Nf3 e6 3. c3 Nf6 4. e5 Nd5 5. d4 cxd4 6. cxd4 d6 7. Bc4 Nb6 8. Bd3 Nc6 9. O-O Nb4 10. Bg5 Be7 11. Bxe7 Qxe7 12. Nc3 dxe5 13. dxe5 O-O 14. Be4 Rd8 15. Qe2 Rb8 16. Nb5 Bd7 17. Nd6 Bc6 18. Nd4 Nc8 19. Nxc6 Nxc6 20. Bxc6 bxc6 21. Ne4 Qb4 22. Rfd1 Ne7 23. a3 Qa5 24. Nd6 Ng6 25. Nc4 Qb5 26. Qe4 Rd5 27. b4 Rbd8 28. Nd6 Nxe5 29. Rxd5 Qxd5 30. Qxd5 cxd5 31. Rc1 g5 32. Nb7 Rb8 33. Rc7 Nc4 34. a4 a6 35. Kf1 Nb2 36. b5 axb5 37. axb5 Nc4 38. Ke2 Na3 39. b6 Nc4 40. Kd3 Nxb6 41. Nd6 Rf8 42. Kd4 Kg7 43. Kc5 Nc4 44. Nxc4 dxc4 45. Kd4 Rd8+ 46. Ke3 Rd3+ 47. Ke2 Rd4 48. Ke3 e5 0-1

[Event "CAN-ch"]
[Site "Toronto CAN"]
[Date "2023.04.10"]
[Round "8.16"]
[White "Xu, Daniel"]
[Black "Preotu, Razvan"]
[Result "1/2-1/2"]
[WhiteElo "2403"]
[BlackElo "2548"]
[WhiteFideId "-1"]
[WhiteFideId "-1"]
[PlyCount "74"]
[GameId "2160767907241338"]
[EventDate "2023.04.06"]
[EventType "swiss"]
[EventRounds "9"]
[EventCountry "CAN"]

1. e4 c5 2. Nf3 d6 3. d4 cxd4 4. Nxd4 Nf6 5. Nc3 a6 6. f3 e5 7. Nb3 Be6 8. Be3 h5 9. Qd2 Nbd7 10. Nd5 Bxd5 11. exd5 g6 12. Be2 Bg7 13. O-O b6 14. c4 O-O 15. Rae1 a5 16. Na1 Nc5 17. Nc2 Kh7 18. Na3 Ng8 19. Nb5 Bh6 20. f4 f5 21. Bf3 Re8 22. fxe5 dxe5 23. Bxh6 Nxh6 24. d6 e4 25. Nc7 Nf7 26. Nxe8 Qxe8 27. Qd5 Rd8 28. Bxe4 Nxe4 29. Rxe4 Qxe4 30. Qxf7+ Kh6 31. Rd1 Re8 32. h3 Qc2 33. Rf1 Re2 34. Qf8+ Kh7 35. Qf7+ Kh6 36. Qf8+ Kh7 37. Qf7+ Kh6 1/2-1/2

[Event "CAN-ch"]
[Site "Toronto CAN"]
[Date "2023.04.11"]
[Round "9.16"]
[White "Preotu, Razvan"]
[Black "Yang, Jingyun (Ryan)"]
[Result "1-0"]
[WhiteElo "2548"]
[BlackElo "2196"]
[WhiteFideId "-1"]
[WhiteFideId "-1"]
[PlyCount "83"]
[GameId "2160767907241350"]
[EventDate "2023.04.06"]
[EventType "swiss"]
[EventRounds "9"]
[EventCountry "CAN"]

1. e4 Nf6 2. e5 Nd5 3. d4 d6 4. c4 Nb6 5. f4 Bf5 6. Nc3 e6 7. Nf3 dxe5 8. fxe5 Bb4 9. Bd3 c5 10. Bg5 Qd7 11. Bxf5 exf5 12. d5 O-O 13. Qd3 h6 14. Bd2 Nc6 15. O-O Rfe8 16. Rae1 Rac8 17. b3 Nd4 18. Nxd4 cxd4 19. Nd1 Bf8 20. Rxf5 g6 21. Rff1 Bg7 22. Qxd4 Qc7 23. Qh4 Rxe5 24. Rxe5 Bxe5 25. Bxh6 Re8 26. Nf2 Nd7 27. Ng4 Bd4+ 28. Kh1 Qb6 29. Bc1 Bg7 30. Nh6+ Bxh6 31. Bxh6 f5 32. Bd2 Re4 33. Qg3 Re2 34. Qd3 Re4 35. h3 Qa6 36. Qg3 Re2 37. Bc3 Kf7 38. Qc7 Qxa2 39. Qxd7+ Kf8 40. Qg7+ Ke8 41. d6 Rxg2 42. Qe7# 1-0

[Event "Titled Tuesday 2023.03.28 Late"]
[Site "chess.com INT"]
[Date "2023.03.28"]
[Round "1"]
[White "Preotu, Razvan"]
[Black "Rottenwohrer Suarez, Juan"]
[Result "1-0"]
[WhiteElo "2483"]
[BlackElo "2299"]
[WhiteFideId "-1"]
[WhiteFideId "-1"]
[PlyCount "155"]
[GameId "2130307561976274"]
[EventDate "2023.03.28"]
[EventType "swiss (blitz)"]
[EventRounds "11"]
[EventCountry "NET"]
[SourceTitle "The Week in Chess 1482"]
[Source "Mark Crowther"]
[SourceDate "2023.04.03"]
[SourceVersion "1"]
[SourceVersionDate "2023.04.03"]
[SourceQuality "2"]

1. e4 c6 2. Nc3 d5 3. Nf3 Bg4 4. h3 Bxf3 5. Qxf3 d4 6. Bc4 e6 7. Ne2 Nf6 8. c3 c5 9. e5 Nd5 10. cxd4 Nc6 11. Bb5 Qb6 12. Nc3 Ndb4 13. dxc5 Bxc5 14. O-O O-O 15. Bxc6 Nxc6 16. Qg3 Bd4 17. Re1 Qa5 18. d3 Bxe5 19. Bf4 Bxf4 20. Qxf4 Rfd8 21. Re3 Qf5 22. Qxf5 exf5 23. Ne2 g6 24. Rc1 Rd7 25. a3 Rad8 26. Rc3 Kg7 27. h4 Ne7 28. Nf4 Nd5 29. Nxd5 Rxd5 30. Re7 R8d7 31. Rxd7 Rxd7 32. f4 h5 33. Kf2 Kf6 34. Ke3 Ke6 35. Rc4 b6 36. a4 Re7 37. Kd2 Kd5 38. Rc8 Kd6 39. b4 Kd5 40. b5 Kd6 41. Rc6+ Kd5 42. Kc3 Rd7 43. Kd2 Re7 44. Rc1 Rd7 45. Re1 Kc5 46. Kc3 Rc7 47. Re5+ Kd6+ 48. Kd2 Rd7 49. Re8 Rc7 50. d4 Kd5 51. Kd3 Rc1 52. Re7 Rd1+ 53. Kc3 Rc1+ 54. Kb2 Rd1 55. Rxa7 Ke4 56. a5 Rd2+ 57. Kc3 Rd3+ 58. Kc2 bxa5 59. Rxa5 Rxd4 60. Kc3 Rd3+ 61. Kc4 Rd2 62. Ra3 Rc2+ 63. Rc3 Rb2 64. Rb3 Rc2+ 65. Kb4 Kxf4 66. b6 Rc8 67. b7 Rb8 68. Kc5 Kg4 69. Kd6 Kxh4 70. Kc7 Rxb7+ 71. Kxb7 f4 72. Kc6 g5 73. Kd5 f5 74. Ke5 Kg4 75. Ra3 h4 76. Rb3 h3 77. gxh3+ Kh4 78. Kxf5 1-0

[Event "Titled Tuesday 2023.03.21 Late"]
[Site "chess.com INT"]
[Date "2023.03.21"]
[Round "4"]
[White "Preotu, Razvan"]
[Black "Luo, Terry"]
[Result "1-0"]
[WhiteElo "2483"]
[BlackElo "2310"]
[WhiteFideId "-1"]
[WhiteFideId "-1"]
[PlyCount "41"]
[GameId "2130307562266153"]
[EventDate "2023.03.21"]
[EventType "swiss (blitz)"]
[EventRounds "11"]
[EventCountry "NET"]
[SourceTitle "The Week in Chess 1481"]
[Source "Mark Crowther"]
[SourceDate "2023.03.27"]
[SourceVersion "1"]
[SourceVersionDate "2023.03.27"]
[SourceQuality "2"]

1. e4 e5 2. Nf3 Nc6 3. Bc4 Bc5 4. c3 Nf6 5. d3 O-O 6. O-O d5 7. exd5 Nxd5 8. Re1 Bg4 9. h3 Bh5 10. Nbd2 Nb6 11. Bb3 Qxd3 12. Nxe5 Qf5 13. Nef3 Rfe8 14. g4 Bxg4 15. hxg4 Qxg4+ 16. Kh1 Qh3+ 17. Nh2 Bxf2 18. Rxe8+ Rxe8 19. Ndf3 Bg3 20. Bxf7+ Kh8 21. Bxe8 1-0

[Event "Titled Tuesday 2023.03.14 Late"]
[Site "Chess.com INT"]
[Date "2023.03.14"]
[Round "8"]
[White "Preotu, Razvan"]
[Black "Arabidze, Meri"]
[Result "0-1"]
[WhiteElo "2483"]
[BlackElo "2433"]
[WhiteFideId "-1"]
[WhiteFideId "-1"]
[PlyCount "106"]
[GameId "1892753419993088"]
[EventDate "2023.03.14"]
[EventType "swiss (blitz)"]
[EventRounds "11"]
[EventCountry "NET"]
[SourceTitle "EXT 2024"]
[Source "ChessBase"]
[SourceDate "2023.10.10"]
[SourceVersion "1"]
[SourceVersionDate "2023.10.10"]
[SourceQuality "1"]

1. e4 c5 2. Nf3 e6 3. c3 d5 4. exd5 exd5 5. d4 Nc6 6. Bb5 Bd6 7. dxc5 Bxc5 8. O-O Nge7 9. Nbd2 O-O 10. Nb3 Bb6 11. Re1 Bg4 12. h3 Bh5 13. Be3 Bxe3 14. Rxe3 a6 15. Be2 Qd6 16. Nfd4 Bg6 17. Qe1 Rad8 18. Rd1 Nf5 19. Nxf5 Bxf5 20. Bf3 Be6 21. Nd4 Nxd4 22. Rxd4 b5 23. Re5 Qc5 24. Qd2 Rd6 25. Qf4 Rfd8 26. Rg5 R6d7 27. Qe5 g6 28. h4 Qd6 29. Qf6 Qe7 30. Qf4 Qd6 31. Qd2 Qe7 32. h5 h6 33. Rg3 g5 34. Bg4 f5 35. Bd1 Qf6 36. Re3 f4 37. Re1 Bf7 38. Bg4 Re7 39. Kh2 Rde8 40. Rxe7 Qxe7 41. Bf3 Qe5 42. Bxd5 f3+ 43. g3 Bxd5 44. Rxd5 Qe2 45. Rd7 Qxd2 46. Rxd2 Re2 47. Rd6 Rxf2+ 48. Kg1 Rxb2 49. Rxa6 Kg7 50. Kf1 Rg2 51. Rb6 Rxg3 52. Rxb5 g4 53. Rf5 Rh3 0-1

[Event "Titled Tuesday 2023.02.28 Late"]
[Site "Chess.com INT"]
[Date "2023.02.28"]
[Round "2"]
[White "Albertini, Luca"]
[Black "Preotu, Razvan"]
[Result "0-1"]
[WhiteElo "2084"]
[BlackElo "2494"]
[WhiteFideId "-1"]
[WhiteFideId "-1"]
[PlyCount "70"]
[GameId "1887647060267008"]
[EventDate "2023.02.28"]
[EventType "swiss (blitz)"]
[EventRounds "11"]
[EventCountry "NET"]
[SourceTitle "CBM 213 Extra"]
[Source "ChessBase"]
[SourceDate "2023.05.31"]
[SourceVersion "1"]
[SourceVersionDate "2023.05.31"]
[SourceQuality "1"]

1. e4 c5 2. Nf3 d6 3. c4 e5 4. Nc3 g6 5. Bd3 Nc6 6. Bc2 Bh6 7. Ba4 Nge7 8. Nd5 O-O 9. Nf6+ Kg7 10. Nd5 Nxd5 11. exd5 Ne7 12. O-O Bg4 13. h3 Bxf3 14. Qxf3 Nf5 15. Bc2 Nd4 16. Qd1 Qh4 17. b3 f5 18. Kh2 e4 19. g3 Qf6 20. Bb2 Rae8 21. Re1 f4 22. g4 f3 23. Rh1 Kg8 24. Bc3 Qh4 25. Kg1 Ne2+ 26. Kf1 e3 27. dxe3 Nxc3 28. Qd2 Ne4 29. Bxe4 Rxe4 30. Qa5 Rxg4 31. Rc1 Rg2 32. Rc2 Bxe3 33. Rg1 Rxf2+ 34. Ke1 Rd2+ 35. Kf1 Qf2# 0-1